00238nam a2200085Ia 4500008004100000082001800041100001600059245005600075300002100131230907s9999||||xx |||||||||||||| ||und|| a621.31/7bDAS aDas, J. C., 0aPower system harmonics and passive filter designs / axxi, 844 pages :